000 01392nam a2200361 i 4500
001 nkc20253724306
003 CZ PrSKC
005 20260505094335.0
007 ta
008 251209s2025 xr a a 000 j cze
020 _a9788025262214
_cKč 249,00
040 _aABG001
_bcze
_dABA001
_erda
041 1 _acze
_heng
072 7 _a821-93
_xLiteratura pro děti a mládež (beletrie)
_2Konspekt
080 _a821-32
_2MRF
080 _a821-93
_2MRF
080 _a(0:82-32)
_2MRF
130 0 _aDaddy putdown.
_lČesky
_920736
245 1 0 _aTáta uspává /
_cz anglického originálu ... přeložila Irena Steinerová
250 _a1. vydání
264 1 _aPraha :
_bAlicanto,
_c2025
300 _a30 nečíslovaných stran :
_bbarevné ilustrace ;
_c26 cm
490 1 _aBluey
500 _aObálkový podnázev: pohádka na dobrou noc
520 2 _aObrázková knížka s pohádkou na dobrou noc na motivy oblíbeného animovaného seriálu o rodince pejsků.
_bKdyž maminka vyrazí na návštěvu ke kamarádce na vítání miminka, malou Blue a Bingo musí uložit do postýlky táta. Půjde tátovi uspávání podle plánu? Nakladatelská anotace. Kráceno.
655 7 _apříběhy
655 7 _apublikace pro děti
655 9 _astories
655 9 _achildren's literature
700 1 _aSteinerová, Irena,
_d1966-
_4trl
_91998
910 _aABG508
999 _c34246
_d34246